000 00655cam a2200241 4500500
005 20260329004504.0
041 _afre
042 _adc
100 1 0 _aRontard, Yseult
_eauthor
245 0 0 _aTravailler, à quoi bon ?
260 _c2020.
500 _a23
690 _aArgent
690 _aBonheur
690 _aEntreprise
690 _aMorale
690 _aPhilonomist
690 _aSalariés
690 _aTravail
690 _aTravailleur
786 0 _nPhilosophie magazine | 137 | 3 | 2020-03-01 | p. 8-8 | 1951-1787
856 4 1 _uhttps://shs.cairn.info/magazine-philosophie-magazine-2020-3-page-8?lang=fr&redirect-ssocas=7080
999 _c1834411
_d1834411